000 00651nam a2200241Ia 4500
003 OSt
005 20221005125931.0
006 a|||||r|||| 00| 0
007 ta
008 221004b |||||||| |||| 00| 0 eng d
024 _a67784
037 _cTextual
040 _aCRL
_cCRL
_beng
041 _2eng
_aeng
082 _aX9Jp2:N66, K6
110 _aSeminar On Self-Suffi Ciency In Food (Bombay) (1969)
_9637355
245 0 _aProceedings
260 _c1966
650 _aECONOMICS
700 _aSeminar On Self-Suffi Ciency In Food (Bombay) (1969)
_9637356
942 _hX9Jp2:N66, K6
_cTEXL
_2cc
999 _c1055550
_d1055550